00562nam a2200157 a 450000500170000000800410001702000180005805000270007610000190010324501280012226000500025030000220030065000300032265000320035270000200038420140310183554.0111027s19uu xx 00 eng d a9781849058278 aRC 553.A88b.Qu85 2011 aQuinn, Barbara aAutism, asperger syndrome and pervasive development disorder :ban altered perspective /cBarbara Quinn and Anthony Malone. aLondon :bJessica Kingsley Publishers,c2011. a207 p. :c23 cm. aAustism spectrum disorder aChild development deviation aMalone, Anthony